00386 a2200121 4500001001000000005001700010008004100027245003400068100002000102700003100122700001900153773009200172ART_4508420260410162038.0260409a 10aEl sector industrial en Jujuy1 aCarrillo, Ivone1 aLóndero, María Eugenia1 aMatas, Alfredo0 tRevista de estudios regionales y mercado de trabajog- Nº 5 (ene./dic. 2009)wREV44894